| 000 | 00686nam a22002177a 4500 | ||
|---|---|---|---|
| 003 | IT-MiCISF | ||
| 005 | 20250414145202.0 | ||
| 008 | 201228b ||||| |||| 00| 0 eng d | ||
| 040 | _cIT-MiCISF | ||
| 041 | _ait | ||
| 100 |
_aTrigari Michela _957865 |
||
| 245 | _aSiamo pronti per ripartire? | ||
| 250 | _a"SuperAbile INAIL", n. 6, giugno | ||
| 260 | _c2020 | ||
| 300 | _app. 7-21 | ||
| 500 | _aservizi-handicap, società , esperienze, scuola, handicap, rapporti-operatori-utenti, nuovi-media | ||
| 650 |
_aservizi-alla-persona _956082 |
||
| 654 | _adossier | ||
| 700 |
_aLudovisi C., Patete A., Griffo G., Starace F., Cooperativa sociale Tandem _958719 |
||
| 942 |
_2ddc _cCR |
||
| 999 |
_c359107 _d359107 |
||